[Event "Bad Woerishofen sen"]
[Site "?"]
[Date "2002.??.??"]
[Round "5"]
[White "Ottmann, Josef"]
[Black "Limberg, Siegfried"]
[Result "1/2-1/2"]
[WhiteElo "1950"]
[BlackElo "2111"]
[Annotator "ChessOrg"]
[PlyCount "102"]
[EventDate "2002.??.??"]

1. e4 c5 2. c3 d5 3. exd5 Qxd5 4. d4 Nf6 5. Nf3 Bg4 6. Be2 e6 7. O-O Nc6 8. Be3
cxd4 9. Nxd4 Bxe2 10. Qxe2 a6 11. Rd1 Be7 12. c4 Nxd4 13. Bxd4 Qc6 14. Nd2 O-O
15. Nf3 Rfd8 16. b3 Qe4 17. Qxe4 Nxe4 18. Bb6 Rxd1+ 19. Rxd1 Bc5 20. Bxc5 Nxc5
21. Kf1 Kf8 22. b4 Ne4 23. Rd7 Rb8 24. Ne5 f6 25. Rd4 fxe5 26. Rxe4 Rd8 27. Ke2
Kf7 28. Rxe5 Kf6 29. Re3 Rd4 30. Rc3 e5 31. a3 Ke6 32. c5 e4 33. c6 bxc6 34.
Rxc6+ Kd5 35. Rxa6 Rc4 36. Ra7 Rc2+ 37. Ke1 Ra2 38. Rd7+ Kc4 39. Rxg7 Rxa3 40.
Rxh7 Rb3 41. Rc7+ Kd4 42. Rd7+ Ke5 43. g3 Rxb4 44. h4 Kf5 45. Kf1 Rb2 46. Rd1
e3 47. fxe3 Kg4 48. h5 Kxg3 49. h6 Kf3 50. Kg1 Rg2+ 51. Kh1 Rg6 1/2-1/2

[Event "Bad Woerishofen sen"]
[Site "?"]
[Date "2002.??.??"]
[Round "5"]
[White "Hein, Manfred"]
[Black "Plasswich, Heribert"]
[Result "1-0"]
[WhiteElo "2107"]
[BlackElo "1819"]
[Annotator "ChessOrg"]
[PlyCount "105"]
[EventDate "2002.??.??"]

1. e4 e5 2. Nf3 d6 3. d4 exd4 4. Nxd4 Nf6 5. Nc3 Be7 6. Be2 O-O 7. Be3 c5 8.
Nb3 Nc6 9. f4 h6 10. O-O Nh7 11. Nd5 Bh4 12. g3 Be7 13. c3 b6 14. Bf3 Bh3 15.
Re1 Rc8 16. Qd2 Qd7 17. Qe2 f5 18. exf5 Bxf5 19. Bxc5 dxc5 20. Nxe7+ Nxe7 21.
Qxe7 Rf7 22. Qxd7 Rxd7 23. Re5 Bh3 24. Rae1 Nf6 25. Re7 Rcd8 26. Rxd7 Rxd7 27.
Rd1 Re7 28. Kf2 Ng4+ 29. Bxg4 Bxg4 30. Rd2 Kf7 31. Nc1 Kf6 32. Nd3 Rd7 33. Ke3
Re7+ 34. Ne5 g5 35. Rd6+ Re6 36. Rd7 Bh5 37. Rxa7 Be8 38. Rh7 gxf4+ 39. gxf4
Kf5 40. Rh8 Re7 41. Rxh6 b5 42. Rh8 Kf6 43. Kf3 Kg7 44. Rh3 Ra7 45. Rg3+ Kh7
46. a3 b4 47. axb4 cxb4 48. c4 Bh5+ 49. Ke3 Ra1 50. Rh3 Kh6 51. Ke4 Rb1 52. Kf5
Rg1 53. Kf6 1-0

[Event "Bad Woerishofen sen"]
[Site "?"]
[Date "2002.??.??"]
[Round "5"]
[White "Kuehn, Peter"]
[Black "Walther, Diethelm"]
[Result "0-1"]
[WhiteElo "2013"]
[BlackElo "2091"]
[Annotator "ChessOrg"]
[PlyCount "76"]
[EventDate "2002.??.??"]

1. e4 c5 2. Nf3 Nc6 3. d4 cxd4 4. Nxd4 g6 5. Be3 Nf6 6. Nc3 Bg7 7. Bc4 Qa5 8.
f3 Qb4 9. Ndb5 O-O 10. Bb3 a6 11. a3 Qa5 12. Nd4 d6 13. Qd2 Bd7 14. O-O-O Rfc8
15. Kb1 Ne5 16. Nd5 Qxd2 17. Rxd2 Nxd5 18. Bxd5 Rab8 19. Rhd1 Nc4 20. Bxc4 Rxc4
21. g4 b5 22. h4 b4 23. axb4 Rcxb4 24. c3 Rc4 25. Rc1 Kf8 26. Ne2 f5 27. exf5
gxf5 28. Rf1 Ke8 29. Nd4 Rxc3 30. Re1 fxg4 31. Bg5 e5 32. fxg4 Bxg4 33. Ka2 Rc4
34. b3 Rc5 35. Rf2 Rb7 36. h5 h6 37. Bh4 Rd5 38. Rd2 Rf7 0-1

[Event "Bad Woerishofen sen"]
[Site "?"]
[Date "2002.??.??"]
[Round "5"]
[White "Villing, Dieter"]
[Black "Potthammel, Joerg"]
[Result "1/2-1/2"]
[WhiteElo "2231"]
[BlackElo "2073"]
[Annotator "ChessOrg"]
[PlyCount "156"]
[EventDate "2002.??.??"]

1. e4 c6 2. d4 d5 3. e5 Bf5 4. c4 dxc4 5. Bxc4 e6 6. Nc3 Nd7 7. Nge2 Nb6 8. Bb3
Ne7 9. a4 Nbd5 10. Ng3 Nb4 11. Nce4 Bxe4 12. Nxe4 Nf5 13. Be3 Nxe3 14. fxe3
Qh4+ 15. Ng3 Nd5 16. Qf3 Bb4+ 17. Ke2 O-O 18. Qe4 Qxe4 19. Nxe4 f6 20. exf6
gxf6 21. Raf1 Be7 22. Rf3 Rf7 23. Rc1 Rd8 24. Kd3 f5 25. Nc5 Bxc5 26. Rxc5 Rg7
27. g3 Rgd7 28. Rf1 Kg7 29. Rfc1 Kf6 30. Ke2 h5 31. Bxd5 Rxd5 32. b4 a6 33. Kf3
e5 34. Rxd5 Rxd5 35. Rc5 Ke6 36. Rxd5 Kxd5 37. dxe5 Kxe5 38. a5 Kd5 39. Kf4 Kc4
40. Kxf5 Kxb4 41. e4 c5 42. e5 c4 43. e6 c3 44. e7 c2 45. e8=Q c1=Q 46. Qxh5
Qc5+ 47. Kg6 Qxh5+ 48. Kxh5 Kxa5 49. g4 b5 50. g5 b4 51. g6 b3 52. g7 b2 53.
g8=Q b1=Q 54. h4 Qf1 55. Qg6 Kb4 56. Qe4+ Kb3 57. Kg6 Qg1+ 58. Kf7 Qf2+ 59. Ke6
Qb6+ 60. Kf5 Qc5+ 61. Kg4 Qg1+ 62. Kf4 Qh2+ 63. Kg5 Qg1+ 64. Qg4 Qc5+ 65. Qf5
Qe7+ 66. Kg4 Qg7+ 67. Kh3 Qc3+ 68. Kg2 a5 69. h5 Qg7+ 70. Qg6 Qb7+ 71. Kg3 Qc7+
72. Kh3 a4 73. h6 a3 74. h7 Qd7+ 75. Kg3 Qc7+ 76. Kh4 Qc4+ 77. Kh5 Qe2+ 78. Kh6
Qh2+ 1/2-1/2

[Event "Bad Woerishofen sen"]
[Site "?"]
[Date "2002.??.??"]
[Round "5"]
[White "Wunderer, Eckart"]
[Black "Rahn, Oskar"]
[Result "1-0"]
[WhiteElo "2190"]
[BlackElo "2060"]
[Annotator "ChessOrg"]
[PlyCount "109"]
[EventDate "2002.??.??"]

1. e4 e5 2. d4 exd4 3. Qxd4 Nc6 4. Qe3 Nf6 5. Nc3 Bb4 6. Bd2 O-O 7. O-O-O Re8
8. Qg3 d6 9. f4 Nxe4 10. Nxe4 Rxe4 11. c3 Bc5 12. Bd3 Re8 13. Nf3 Qf6 14. Ng5
Bf5 15. Bc4 Bg6 16. Bd3 Ne7 17. Rhe1 h6 18. Ne4 Bxe4 19. Bxe4 d5 20. Bc2 c6 21.
Qd3 g6 22. g4 Qh4 23. h3 f5 24. Re6 Kf7 25. Rde1 fxg4 26. b4 Nf5 27. Rxe8 Rxe8
28. Rxe8 Kxe8 29. hxg4 Qxg4 30. bxc5 Qg1+ 31. Kb2 Qxc5 32. Qe2+ Qe7 33. Qg4 Qf6
34. a4 a5 35. Qg1 b5 36. Qb6 bxa4 37. Bxa4 Ne7 38. Qxa5 g5 39. fxg5 hxg5 40.
Qb4 Qf2 41. Qd4 Qxd4 42. cxd4 g4 43. Bf4 Kf7 44. Kc3 Ke6 45. Kd3 Nf5 46. Bd1 g3
47. Bg4 g2 48. Bh2 Kf6 49. Bxf5 Kxf5 50. Ke3 Kg4 51. Bg1 Kg3 52. Ke2 Kf4 53.
Kd3 Kg3 54. Kc3 Kf3 55. Kb4 1-0

[Event "Bad Woerishofen sen"]
[Site "?"]
[Date "2002.??.??"]
[Round "5"]
[White "Boeven, Manfred"]
[Black "Herzel, Alois"]
[Result "1-0"]
[WhiteElo "2134"]
[BlackElo "1844"]
[Annotator "ChessOrg"]
[PlyCount "31"]
[EventDate "2002.??.??"]

1. d4 f5 2. Nc3 Nf6 3. f3 Nc6 4. e4 fxe4 5. fxe4 e5 6. dxe5 Nxe5 7. Nf3 d6 8.
Bf4 Ng6 9. Bg3 Nh5 10. Bc4 Nxg3 11. hxg3 c6 12. a4 Ne5 13. Nxe5 dxe5 14. Qh5+
Kd7 15. O-O-O+ Bd6 16. Qf7+ 1-0

[Event "Bad Woerishofen sen"]
[Site "?"]
[Date "2002.??.??"]
[Round "5"]
[White "Josting, Friedel"]
[Black "Weigel, Herbert"]
[Result "0-1"]
[WhiteElo "1840"]
[BlackElo "2159"]
[Annotator "ChessOrg"]
[PlyCount "137"]
[EventDate "2002.??.??"]

1. Nf3 g6 2. d4 Bg7 3. c3 d6 4. Bf4 Nd7 5. Bg3 Ngf6 6. Nbd2 O-O 7. e3 Re8 8.
Bc4 c6 9. O-O e5 10. dxe5 Nxe5 11. Be2 Nxf3+ 12. Bxf3 d5 13. Qb3 Qe7 14. Rfe1
Bf5 15. h3 b5 16. a4 a6 17. Bf4 Ne4 18. Nxe4 Bxe4 19. Bxe4 Qxe4 20. Bd6 f5 21.
Qb4 Qe6 22. Bc5 Qd7 23. Bd4 Bf8 24. Qb3 Qe6 25. Bb6 Rab8 26. a5 Bd6 27. Rad1
Qf7 28. Qc2 Re6 29. b4 Rbe8 30. Rd4 Be5 31. Rdd1 Bb8 32. Qd2 Re4 33. f4 Ba7 34.
Bd4 Bb8 35. Qf2 Qe7 36. g3 h6 37. Rf1 Bd6 38. Qa2 Kh7 39. Qd2 g5 40. fxg5 Qxg5
41. g4 Rf8 42. Qg2 f4 43. exf4 Bxf4 44. Rde1 Rfe8 45. Rxe4 Rxe4 46. Qf3 h5 47.
Kg2 Kg6 48. Bf2 hxg4 49. Qxg4 Qxg4+ 50. hxg4 Be5 51. Kf3 Bxc3 52. Bc5 Bxb4 53.
Bxb4 Rxb4 54. Re1 Re4 55. Rc1 Rc4 56. Re1 Kg5 57. Re5+ Kf6 58. Re8 b4 59. Rb8
c5 60. Rb6+ Kg5 61. Rxa6 Rc3+ 62. Ke2 Kxg4 63. Kd2 Kf5 64. Ra8 Ke5 65. a6 Kd4
66. a7 Ra3 67. Kc2 Kc4 68. Kb2 d4 69. Kc2 0-1

[Event "Bad Woerishofen sen"]
[Site "?"]
[Date "2002.??.??"]
[Round "5"]
[White "Fels, Karl-Heinz"]
[Black "Neese, Hans-Joachim"]
[Result "0-1"]
[WhiteElo "1850"]
[BlackElo "2136"]
[Annotator "ChessOrg"]
[PlyCount "84"]
[EventDate "2002.??.??"]

1. e4 c5 2. Nf3 d6 3. d4 cxd4 4. Nxd4 Nf6 5. Nc3 a6 6. Bg5 e6 7. f4 Nbd7 8. Qf3
Qc7 9. O-O-O b5 10. a3 Bb7 11. g4 Rc8 12. Bxf6 gxf6 13. Kb1 Nb6 14. Rg1 Nc4 15.
Bxc4 Qxc4 16. Qd3 Be7 17. h4 Rc5 18. g5 fxg5 19. hxg5 Qxd3 20. cxd3 Rg8 21. Rh1
Rg7 22. Rh3 Bc8 23. Nf3 f6 24. gxf6 Bxf6 25. d4 Rcc7 26. e5 dxe5 27. dxe5 Be7
28. Ne4 Rc4 29. Nfd2 Rd4 30. Kc2 Bb7 31. Re1 b4 32. a4 Bd5 33. b3 Rg4 34. Rxh7
Rxf4 35. Nd6+ Bxd6 36. exd6 Rf2 37. Re7+ Kd8 38. Rg1 Rdxd2+ 39. Kc1 Rc2+ 40.
Kb1 Rb2+ 41. Kc1 Rfc2+ 42. Kd1 Bf3+ 0-1

[Event "Bad Woerishofen sen"]
[Site "?"]
[Date "2002.??.??"]
[Round "5"]
[White "Geissler, Dieter"]
[Black "Schumacher, Horst"]
[Result "1-0"]
[WhiteElo "2058"]
[BlackElo "1776"]
[Annotator "ChessOrg"]
[PlyCount "43"]
[EventDate "2002.??.??"]

1. e4 d5 2. exd5 Nf6 3. d4 Qxd5 4. Nf3 c6 5. Be2 Bf5 6. O-O e6 7. c4 Qd8 8. Nc3
Bd6 9. h3 Qc7 10. Re1 O-O 11. Bf1 Nbd7 12. c5 Bf4 13. Nh4 h5 14. Nxf5 exf5 15.
Qf3 Bxc1 16. Raxc1 g6 17. Bc4 Rfe8 18. a3 Rxe1+ 19. Rxe1 Kf8 20. Qe3 Re8 21.
Qh6+ Kg8 22. Qxg6+ 1-0

[Event "Bad Woerishofen sen"]
[Site "?"]
[Date "2002.??.??"]
[Round "5"]
[White "Weber, Gerhard"]
[Black "Wolf, Alfred"]
[Result "1/2-1/2"]
[WhiteElo "2122"]
[BlackElo "1718"]
[Annotator "ChessOrg"]
[PlyCount "50"]
[EventDate "2002.??.??"]

1. e4 g6 2. d4 Bg7 3. c4 d6 4. Nc3 Nc6 5. Be3 e5 6. d5 Nce7 7. Qd2 f5 8. f3 f4
9. Bf2 Nf6 10. O-O-O O-O 11. g4 fxg3 12. hxg3 h5 13. Be3 Kf7 14. Bh3 Bd7 15.
Bxd7 Qxd7 16. Nh3 Nh7 17. Rdf1 Kg8 18. Ng5 Nxg5 19. Bxg5 Rf7 20. Bh6 Raf8 21.
Bxg7 Rxg7 22. g4 hxg4 23. Qh6 Rxf3 24. Rfg1 Kf8 25. Qg5 Ng8 1/2-1/2

[Event "Bad Woerishofen sen"]
[Site "?"]
[Date "2002.??.??"]
[Round "5"]
[White "Fleckner, Hans"]
[Black "Dryzek, Tadeusz"]
[Result "1/2-1/2"]
[WhiteElo "1845"]
[BlackElo "2057"]
[Annotator "ChessOrg"]
[PlyCount "61"]
[EventDate "2002.??.??"]

1. e4 e5 2. Nf3 Nc6 3. Bb5 a6 4. Ba4 Nf6 5. O-O Be7 6. Re1 b5 7. Bb3 O-O 8. a4
Rb8 9. axb5 axb5 10. c3 d6 11. h3 Bb7 12. d3 Ra8 13. Rxa8 Qxa8 14. Nbd2 Na5 15.
Bc2 c5 16. Nf1 Re8 17. Ng3 g6 18. Bg5 Nc6 19. Qa1 Kg7 20. Qc1 Ng8 21. Bxe7
Ncxe7 22. d4 f6 23. dxc5 dxc5 24. Rd1 Rd8 25. Rxd8 Qxd8 26. Qd1 Qxd1+ 27. Bxd1
Nh6 28. Ne1 c4 29. Nc2 Nf7 30. f3 Nd6 31. Kf2 1/2-1/2

[Event "Bad Woerishofen sen"]
[Site "?"]
[Date "2002.??.??"]
[Round "5"]
[White "Ruppert, Lothar"]
[Black "Barlo, Werner"]
[Result "1/2-1/2"]
[WhiteElo "1993"]
[BlackElo "1729"]
[Annotator "ChessOrg"]
[PlyCount "50"]
[EventDate "2002.??.??"]

1. d4 Nf6 2. Nf3 e6 3. c4 b6 4. Nc3 Bb7 5. e3 Be7 6. Be2 O-O 7. O-O d6 8. Qc2
Nbd7 9. e4 h6 10. h3 e5 11. d5 Nh7 12. Be3 Ng5 13. Nh2 a5 14. h4 Nh7 15. g3 Bc8
16. Bg4 Nhf6 17. Bf5 Nc5 18. Bxc8 Qxc8 19. Bxc5 bxc5 20. Kg2 Ng4 21. Qe2 Nxh2
22. Kxh2 f5 23. exf5 Qxf5 24. f4 Bf6 25. fxe5 Qxe5 1/2-1/2

[Event "Bad Woerishofen sen"]
[Site "?"]
[Date "2002.??.??"]
[Round "5"]
[White "Schneider, Miloca"]
[Black "Gensbaur, Viktor"]
[Result "1/2-1/2"]
[WhiteElo "2078"]
[BlackElo "1800"]
[Annotator "ChessOrg"]
[PlyCount "45"]
[EventDate "2002.??.??"]

1. d4 Nf6 2. c4 e5 3. dxe5 Ne4 4. Nf3 Bb4+ 5. Nbd2 Nc6 6. e3 Qe7 7. Bd3 Nxd2 8.
Bxd2 Bxd2+ 9. Qxd2 Nxe5 10. Nxe5 Qxe5 11. O-O O-O 12. f4 Qf6 13. e4 d6 14. Rae1
Bd7 15. e5 dxe5 16. Rxe5 Rad8 17. Qf2 Be6 18. Qe3 Bc8 19. c5 c6 20. b4 Rd5 21.
Qe4 g6 22. Rxd5 cxd5 23. Qxd5 1/2-1/2

[Event "Bad Woerishofen sen"]
[Site "?"]
[Date "2002.??.??"]
[Round "5"]
[White "Ziltener, Werner"]
[Black "Niebaum, Karl"]
[Result "0-1"]
[WhiteElo "2045"]
[BlackElo "1799"]
[Annotator "ChessOrg"]
[PlyCount "78"]
[EventDate "2002.??.??"]

1. Nf3 d5 2. d4 Nf6 3. e3 Bf5 4. c4 e6 5. Nc3 c6 6. Bd3 Bxd3 7. Qxd3 dxc4 8.
Qxc4 Nbd7 9. O-O Be7 10. e4 O-O 11. Bg5 Rc8 12. Rfd1 h6 13. Bh4 Nh5 14. Bxe7
Qxe7 15. e5 Nb6 16. Qb3 Nf4 17. Ne4 Rc7 18. g3 Nfd5 19. a3 Rd8 20. Rac1 Rb8 21.
Nfd2 Rd8 22. Nd6 f6 23. N2e4 f5 24. Nc5 Rb8 25. a4 Nc8 26. Na6 bxa6 27. Qxb8
Qd7 28. Nxc8 Rxc8 29. Qd6 Qe8 30. Rd2 a5 31. Rc5 f4 32. Rxa5 Qg6 33. Qa3 Rf8
34. Qf3 fxg3 35. Qxg3 Qb1+ 36. Kg2 Nf4+ 37. Kf3 Nh5+ 38. Kg4 Nxg3 39. Kxg3 Qg1+
0-1

[Event "Bad Woerishofen sen"]
[Site "?"]
[Date "2002.??.??"]
[Round "5"]
[White "Czeitschner, Roland"]
[Black "Escher, Helmut"]
[Result "0-1"]
[WhiteElo "1825"]
[BlackElo "2030"]
[Annotator "ChessOrg"]
[PlyCount "128"]
[EventDate "2002.??.??"]

1. d4 d5 2. c4 e6 3. Nf3 Nf6 4. Nc3 c6 5. e3 Nbd7 6. Bd3 b6 7. O-O Bb7 8. Re1
Be7 9. h3 O-O 10. b3 c5 11. Bb2 Re8 12. Rc1 Rc8 13. cxd5 exd5 14. dxc5 Nxc5 15.
Bf5 Rb8 16. Bb1 Nce4 17. Nd4 Bb4 18. Nxe4 dxe4 19. Re2 Ba6 20. Rec2 Bd3 21. Rc6
Bxb1 22. Rxb1 Qd7 23. Rc4 Bc5 24. b4 Qd5 25. Rbc1 Bxd4 26. Bxd4 Red8 27. Qc2
Ne8 28. Qe2 Qd7 29. Qc2 Qd5 30. Qe2 Qf5 31. Qb2 Rbc8 32. Qc2 Rxc4 33. Qxc4 Nd6
34. Qe2 h6 35. a4 Rc8 36. Rxc8+ Qxc8 37. a5 bxa5 38. bxa5 a6 39. Qh5 Qf5 40.
Qe2 Qxa5 41. Qb2 Nf5 42. Bc3 Qb5 43. Qd2 Qd3 44. Qb2 f6 45. Ba5 Kh7 46. Qa2 Kg6
47. Qe6 Qd1+ 48. Kh2 Qd6+ 49. Qxd6 Nxd6 50. g4 Nc4 51. Bc3 Kf7 52. h4 g6 53.
Kg2 Ke6 54. Bd4 f5 55. Kg3 a5 56. Kf4 a4 57. gxf5+ gxf5 58. f3 exf3 59. Kxf3 a3
60. Kf4 Nd2 61. Bg7 a2 62. Bc3 Nb3 63. e4 fxe4 64. Kxe4 a1=Q 0-1

[Event "Bad Woerishofen sen"]
[Site "?"]
[Date "2002.??.??"]
[Round "5"]
[White "Duer, Maria"]
[Black "Born, Bernd-Ludger"]
[Result "0-1"]
[WhiteElo "1810"]
[BlackElo "2017"]
[Annotator "ChessOrg"]
[PlyCount "140"]
[EventDate "2002.??.??"]

1. Nf3 Nf6 2. d4 e6 3. c4 b6 4. Nbd2 Bb7 5. e3 c5 6. Be2 d5 7. cxd5 Bxd5 8. O-O
cxd4 9. Nxd4 Be7 10. Bf3 O-O 11. b3 Qd7 12. Bxd5 Nxd5 13. Bb2 e5 14. N4f3 f6
15. Qe2 Nc6 16. Rfd1 Qe6 17. Rac1 Rfd8 18. g3 Ndb4 19. Qc4 Qxc4 20. Rxc4 Na5
21. Rcc1 Nxa2 22. Ra1 Nb4 23. Bc3 Nac6 24. Bxb4 Nxb4 25. Kf1 Kf7 26. Ke2 Ke8
27. Rdc1 a6 28. Rc4 Rac8 29. Rac1 Rxc4 30. Rxc4 Kd7 31. h4 g6 32. Ne4 b5 33.
Rc1 Rc8 34. Rd1+ Ke6 35. Nfd2 h6 36. f4 f5 37. Nf2 e4 38. Rh1 h5 39. Ra1 Rc2
40. Kd1 Rc3 41. Ke2 Bc5 42. Nd1 Rc2 43. Nf2 Bb6 44. Nd1 a5 45. Nf2 Nd5 46. Nd1
Kd6 47. Ke1 Nxe3 48. Nxe3 Bxe3 49. Nf1 Rc1+ 50. Rxc1 Bxc1 51. Kd1 Bb2 52. Kc2
Bd4 53. Kd2 Kc5 54. Kc2 Kb4 55. Nh2 Bf2 56. Nf1 e3 57. Kd3 Kxb3 58. Nh2 Bxg3
59. Nf3 Bxf4 60. Nd4+ Ka4 61. Ne6 Bd6 62. Kxe3 b4 63. Kd3 Kb3 64. Nd4+ Kb2 65.
Kc4 a4 66. Nb5 Be7 67. Nd4 a3 68. Nc6 Bf8 69. Ne5 a2 70. Nd3+ Kb1 0-1

[Event "Bad Woerishofen sen"]
[Site "?"]
[Date "2002.??.??"]
[Round "5"]
[White "Krueger, Manfred"]
[Black "von Hoesslin, Holger"]
[Result "1-0"]
[WhiteElo "1303"]
[BlackElo "1790"]
[Annotator "ChessOrg"]
[PlyCount "163"]
[EventDate "2002.??.??"]

1. e4 d6 2. d4 Nf6 3. Nc3 g6 4. Nf3 Bg4 5. d5 Bg7 6. h3 Bxf3 7. Qxf3 O-O 8. Bf4
Nbd7 9. Be2 Re8 10. O-O-O c6 11. g4 cxd5 12. Nxd5 Nxd5 13. exd5 a6 14. Be3 b5
15. Bd2 Qc7 16. Be3 Ne5 17. Qe4 Reb8 18. Bd4 a5 19. f4 Nd7 20. Bxg7 Kxg7 21. f5
Ne5 22. fxg6 hxg6 23. h4 b4 24. Kb1 a4 25. Qd4 b3 26. cxb3 axb3 27. Rc1 bxa2+
28. Ka1 Qb6 29. Qd2 Qb4 30. Rc2 Qxd2 31. Rxd2 Rc8 32. h5 Rc5 33. b4 Rc3 34.
hxg6 fxg6 35. b5 Rg3 36. b6 Rb3 37. Rb2 Rxb2 38. Kxb2 Rb8 39. Kxa2 Rxb6 40. g5
Rb4 41. Bd1 Rd4 42. Bb3 Rg4 43. Rc1 Rxg5 44. Rc7 Kf6 45. Rc8 Rg2+ 46. Ka3 g5
47. Rf8+ Kg7 48. Rf5 g4 49. Ba2 Rg1 50. Kb2 Kg6 51. Rf8 Kg5 52. Bb1 Kh4 53.
Rh8+ Kg3 54. Re8 Ng6 55. Bxg6 Re1 56. Bf5 Re5 57. Be6 Re2+ 58. Kc1 Re4 59. Rxe7
Kg2 60. Rg7 g3 61. Kd2 Rf4 62. Ke3 Rf1 63. Rh7 Rd1 64. Ke2 Rd4 65. Bf5 Kg1 66.
Be6 g2 67. Ra7 Re4+ 68. Kf3 Re1 69. Ra2 Rc1 70. Rxg2+ Kf1 71. Rd2 Rc3+ 72. Ke4
Rc4+ 73. Kf5 Rc7 74. Kf6 Rh7 75. Bc8 Rc7 76. Bh3+ Ke1 77. Ra2 Rh7 78. Be6 Rb7
79. Ra6 Kd2 80. Rxd6 Kd3 81. Ke5 Rh7 82. Bf5+ 1-0

[Event "Bad Woerishofen sen"]
[Site "?"]
[Date "2002.??.??"]
[Round "5"]
[White "Vorderbruegge, Franz-Josef"]
[Black "Bakalarozyk, Wiodzimien"]
[Result "1/2-1/2"]
[WhiteElo "1679"]
[BlackElo "2000"]
[Annotator "ChessOrg"]
[PlyCount "99"]
[EventDate "2002.??.??"]

1. d4 Nf6 2. c4 g6 3. Nc3 Bg7 4. Nf3 O-O 5. g3 d6 6. Bg2 Nc6 7. O-O a6 8. Re1
Rb8 9. a3 Bg4 10. Qd3 Nd7 11. e3 Bf5 12. e4 Bg4 13. Be3 Nb6 14. h3 Bd7 15. b4
Qc8 16. Kh2 f5 17. Qe2 e5 18. d5 Nd4 19. Bxd4 exd4 20. Na2 fxe4 21. Qxe4 Bf5
22. Qh4 Qd8 23. Qe7 Re8 24. Qg5 d3 25. Rxe8+ Qxe8 26. Re1 Qf8 27. Qc1 Re8 28.
Nd2 Re2 29. Rxe2 dxe2 30. Qe1 Qe7 31. Nc1 Bb2 32. Qxe2 Qxe2 33. Nxe2 Bxa3 34.
b5 a5 35. Nd4 Bb4 36. Ne4 a4 37. g4 Bc8 38. Nf6+ Kf7 39. Nxh7 a3 40. Ng5+ Ke7
41. Be4 a2 42. Nc2 Kf6 43. f4 Bc3 44. Bd3 Na4 45. Ne4+ Kg7 46. Nxc3 Nxc3 47.
Kg2 Na4 48. Na1 Nb2 49. Be2 Kf6 50. h4 1/2-1/2

[Event "Bad Woerishofen sen"]
[Site "?"]
[Date "2002.??.??"]
[Round "5"]
[White "Johannsen, Ingbert"]
[Black "Neumann, Erwin"]
[Result "1/2-1/2"]
[WhiteElo "1979"]
[BlackElo "1810"]
[Annotator "ChessOrg"]
[PlyCount "60"]
[EventDate "2002.??.??"]

1. e4 e5 2. Nc3 Nf6 3. f4 d5 4. fxe5 Nxe4 5. Nf3 Bc5 6. Qe2 Nxc3 7. bxc3 O-O 8.
d4 Be7 9. Qe3 c5 10. Be2 c4 11. O-O Bf5 12. Ne1 Qd7 13. Qg3 Kh8 14. Bg5 f6 15.
exf6 Bxf6 16. Nf3 Nc6 17. Rf2 Rae8 18. Raf1 h6 19. Bxf6 Rxf6 20. Nh4 Ne7 21.
Bh5 Ref8 22. Qe3 Kh7 23. h3 Bxc2 24. Rxf6 gxf6 25. Bg4 f5 26. Bh5 Be4 27. Rf2
Rg8 28. Qf4 Rg5 29. Bd1 b5 30. Rb2 Ng6 1/2-1/2

[Event "Bad Woerishofen sen"]
[Site "?"]
[Date "2002.??.??"]
[Round "5"]
[White "Koenigl, Anton"]
[Black "Gudat, Alfons"]
[Result "1-0"]
[WhiteElo "1796"]
[BlackElo "2047"]
[Annotator "ChessOrg"]
[PlyCount "93"]
[EventDate "2002.??.??"]

1. e4 c5 2. Nf3 Nc6 3. d4 cxd4 4. Nxd4 e5 5. Nb5 a6 6. Nd6+ Bxd6 7. Qxd6 Qf6 8.
Qxf6 Nxf6 9. Nc3 O-O 10. Bg5 Ne8 11. f3 h6 12. Bh4 Nc7 13. a3 b5 14. Bf2 Ne6
15. Bd3 Nf4 16. O-O d6 17. Rfd1 Be6 18. Bf1 Rfd8 19. Rd2 Kf8 20. Rad1 Ke7 21.
Bb6 Rd7 22. g3 Ng6 23. b4 Rb8 24. Be3 Rc8 25. Nd5+ Bxd5 26. exd5 Nb8 27. Bh3
Rc3 28. Bxd7 Rxe3 29. Bf5 Rxf3 30. Bxg6 fxg6 31. Rd3 Rf8 32. Rc3 Nd7 33. Rf1
Nf6 34. Rc7+ Ke8 35. Ra7 Rf7 36. Ra8+ Kd7 37. Rxa6 Kc8 38. Rxd6 Rc7 39. Rc6
Rxc6 40. dxc6 Kc7 41. Rc1 Kxc6 42. c4 bxc4 43. Rxc4+ Kd5 44. Rc7 e4 45. b5 e3
46. Kf1 Ke4 47. Ke2 1-0

[Event "Bad Woerishofen sen"]
[Site "?"]
[Date "2002.??.??"]
[Round "5"]
[White "Zohr, Adelbert"]
[Black "Greifzu, Helmut"]
[Result "0-1"]
[WhiteElo "1763"]
[BlackElo "2036"]
[Annotator "ChessOrg"]
[PlyCount "116"]
[EventDate "2002.??.??"]

1. e4 e5 2. Nf3 Nc6 3. Bb5 a6 4. Ba4 d6 5. d3 Bd7 6. c3 Nge7 7. Bb3 h6 8. Be3
Ng6 9. Nbd2 Be7 10. Nf1 Bg5 11. Nxg5 hxg5 12. Qf3 Qe7 13. O-O-O Nf4 14. Ng3 g4
15. Qe2 Nxe2+ 16. Nxe2 O-O-O 17. Ng3 g6 18. a3 f5 19. Bd2 f4 20. Ne2 g5 21. Kb1
Rde8 22. Rc1 Kb8 23. c4 Nd4 24. Nxd4 exd4 25. Bd1 b6 26. f3 g3 27. h3 c5 28. b3
Ka7 29. Kb2 b5 30. cxb5 Bxb5 31. Bc2 Rb8 32. Ka2 Qf7 33. Rb1 Bd7 34. Rhe1 Rhe8
35. Ka1 Rb7 36. Rb2 Bc6 37. Rbb1 d5 38. Ka2 dxe4 39. fxe4 Ba4 40. Rb2 Reb8 41.
Reb1 Bd7 42. Bd1 Be6 43. Be1 Qd7 44. Bd2 Qf7 45. Be1 Rh8 46. Ka1 Qg7 47. Bd2
Rf8 48. Ka2 g4 49. hxg4 Bxg4 50. Bf3 Bxf3 51. gxf3 Qf7 52. Ka1 Rfb8 53. b4 cxb4
54. axb4 Rb5 55. Rc1 R8b7 56. Rbc2 Qb3 57. Ra2 Qxd3 58. Rc6 R5b6 0-1

[Event "Bad Woerishofen sen"]
[Site "?"]
[Date "2002.??.??"]
[Round "6"]
[White "Servaty, Rudolf"]
[Black "Wunderer, Eckart"]
[Result "0-1"]
[WhiteElo "2201"]
[BlackElo "2190"]
[Annotator "ChessOrg"]
[PlyCount "84"]
[EventDate "2002.??.??"]

1. d4 Nf6 2. Nf3 d6 3. g3 Nbd7 4. c4 e5 5. Nc3 c6 6. Bg2 Be7 7. O-O O-O 8. b3
Re8 9. h3 Qa5 10. Qc2 Nf8 11. e4 Ng6 12. d5 Bd7 13. Bd2 Qc7 14. Rac1 Rac8 15.
Qd3 Rf8 16. h4 Nh5 17. Nh2 f5 18. Bf3 fxe4 19. Nxe4 Nf6 20. h5 Nh8 21. Nxf6+
Bxf6 22. Ng4 c5 23. Nxf6+ gxf6 24. Bh6 Rfe8 25. Be4 Bh3 26. Rfe1 Qd7 27. Kh2 f5
28. Bg2 Bxg2 29. Kxg2 Nf7 30. Bd2 h6 31. f4 e4 32. Qe3 Kh7 33. Kf2 Rg8 34. Rh1
Rg4 35. Rh3 Rcg8 36. Re1 b5 37. cxb5 Qxb5 38. Qc3 Qb7 39. Qf6 Qxd5 40. Bc3 Re8
41. Rh4 e3+ 42. Rxe3 Rxe3 0-1

[Event "Bad Woerishofen sen"]
[Site "?"]
[Date "2002.??.??"]
[Round "6"]
[White "Schumacher, Horst"]
[Black "Bartlitz, Heinz"]
[Result "1-0"]
[WhiteElo "1776"]
[BlackElo "1619"]
[Annotator "ChessOrg"]
[PlyCount "31"]
[EventDate "2002.??.??"]

1. d4 d6 2. e4 Nf6 3. Nc3 c6 4. f4 Qa5 5. Bd2 e5 6. Nd5 Qd8 7. Nxf6+ Qxf6 8.
dxe5 dxe5 9. Qf3 Qh4+ 10. g3 Qg4 11. Qb3 Qe6 12. Bc4 Qe7 13. O-O-O Bg4 14. Bb4
Qxb4 15. Bxf7+ Ke7 16. Qxb4+ 1-0

[Event "Bad Woerishofen sen"]
[Site "?"]
[Date "2002.??.??"]
[Round "6"]
[White "Fischer, Johann"]
[Black "Goy, Udo"]
[Result "1-0"]
[WhiteElo "2306"]
[BlackElo "2191"]
[Annotator "ChessOrg"]
[PlyCount "65"]
[EventDate "2002.??.??"]

1. d4 Nf6 2. c4 c5 3. d5 e6 4. Nc3 exd5 5. cxd5 d6 6. e4 g6 7. Nf3 Bg7 8. h3
O-O 9. Be3 Re8 10. Nd2 Na6 11. Bd3 Nc7 12. O-O a6 13. a4 b6 14. Nc4 Rb8 15. Bf4
Bf8 16. Qf3 b5 17. axb5 axb5 18. Bg5 Be7 19. Na5 Bd7 20. e5 Nh5 21. Bxe7 Qxe7
22. g4 Qxe5 23. gxh5 b4 24. Ne4 Nxd5 25. Nc4 Qxh5 26. Qxh5 gxh5 27. Ncxd6 Red8
28. Bc4 Nb6 29. Bxf7+ Kg7 30. Kh2 Bc6 31. Rg1+ Kf8 32. Ra7 Nd7 33. Bc4 1-0

[Event "Bad Woerishofen sen"]
[Site "?"]
[Date "2002.??.??"]
[Round "6"]
[White "Igney, Volkhard"]
[Black "Boeven, Manfred"]
[Result "0-1"]
[WhiteElo "2232"]
[BlackElo "2134"]
[Annotator "ChessOrg"]
[PlyCount "42"]
[EventDate "2002.??.??"]

1. d4 d5 2. c4 Bf5 3. Nf3 e6 4. Qb3 Nc6 5. Bd2 Rb8 6. e3 Nf6 7. cxd5 exd5 8.
Nc3 a6 9. Ne5 Bd6 10. Nxc6 bxc6 11. Qa4 O-O 12. Qxa6 Rxb2 13. Qxc6 Bb4 14. f3
Qe7 15. a3 Bd7 16. Qxc7 Rc8 17. Qe5 Bxc3 18. Bxc3 Qxe5 19. dxe5 Rxc3 20. exf6
Rxe3+ 21. Kd1 Ba4+ 0-1